| 000 | 00585nam a2200157 4500 | ||
|---|---|---|---|
| 001 | 116638 | ||
| 003 | ES-MaACL | ||
| 005 | 20230906190736.0 | ||
| 007 | t| | ||
| 008 | 061121s1934 fr r ||||1| fre d | ||
| 110 | 2 |
_aAssociation Nationale des Sociétés par Actions. _91827 |
|
| 245 | 1 | 4 |
_aLes perts respectives du fisc , du personnel et des capitaux dans l'activité des sociétés françaises / _cAssociaation Nationale des Sociétés par Actions. |
| 260 |
_aParis : _bInstitut de Satatique de l'Université, _c1934. |
||
| 300 |
_a72 p. ; _c24 cm. |
||
| 852 |
_aES-MaACL _j1773-F-16 |
||
| 999 |
_c116638 _d116638 |
||